| 000 | 01136cam a22002895a 4500 | ||
|---|---|---|---|
| 001 | 17969769 | ||
| 005 | 20160113142457.0 | ||
| 008 | 131212t2014 nyua frdf 001 0 eng d | ||
| 020 | _a0814432158 (alk. paper) | ||
| 020 | _a9780814432150 (alk. paper) | ||
| 040 |
_aDLC _beng _cDLC _dEG-ScBUE |
||
| 082 | 0 | 4 |
_a658.2 _222 _bROP |
| 100 | 1 |
_aRoper, Kathy O. _939043 |
|
| 245 | 1 | 4 |
_aThe facility management handbook / _cKathy O. Roper, Richard P. Payant. |
| 250 | _a4th ed. | ||
| 260 |
_aNew York : _bAmacom/ American Management Association, _cc.2014. |
||
| 300 |
_aviii, 674 p. : _bill. ; _c26 cm. |
||
| 500 | _aOn cover: Revised and updated : includes new information on BIM, contracting and project management methods, FASB and IASB requirements, and sustainability reporting. | ||
| 500 | _aGlossary : p. 617-641. | ||
| 500 | _aIndex : p. 643-674. | ||
| 650 | 0 |
_aReal estate management _vHandbooks, manuals, etc. _2BUEsh _939044 |
|
| 650 | 0 |
_aFacility management _vHandbooks, manuals, etc. _2BUEsh _939045 |
|
| 651 | _2BUEsh | ||
| 653 |
_bENGGEN _cAugust2015 _cJanuary2016 |
||
| 700 | 1 | _aPayant, Richard P. | |
| 942 |
_2ddc _k658.2 ROP |
||
| 999 |
_c20486 _d20458 |
||